000
00249nam a2200097Ia 4500
001
681181
005
20250826161355.0
008
250824s9999 xx 000 0 und d
245
0
_a
DÜNYA ÇOCUKLARIN OLSA
_c
GÜLTEN DAYIOĞLU
260
_b
ALTIN KİTAPLAR
999
_c
681181
_d
681181